Visions of architecture (Record no. 8030)
[ view plain ]
| 000 -LEADER | |
|---|---|
| fixed length control field | 00307nam a22001337a 4500 |
| 003 - CONTROL NUMBER IDENTIFIER | |
| control field | OSt |
| 008 - FIXED-LENGTH DATA ELEMENTS--GENERAL INFORMATION | |
| fixed length control field | 200619b ||||| |||| 00| 0 eng d |
| 020 ## - INTERNATIONAL STANDARD BOOK NUMBER | |
| International Standard Book Number | 9781408128817 |
| 082 ## - DEWEY DECIMAL CLASSIFICATION NUMBER | |
| Classification number | 724 |
| Item number | LEE |
| 100 ## - MAIN ENTRY--PERSONAL NAME | |
| Personal name | Lees, Stephen |
| 245 ## - TITLE STATEMENT | |
| Title | Visions of architecture |
| 260 ## - PUBLICATION, DISTRIBUTION, ETC. (IMPRINT) | |
| Place of publication, distribution, etc | London |
| Name of publisher, distributor, etc | A&C Black |
| Date of publication, distribution, etc | 2011 |
| 942 ## - ADDED ENTRY ELEMENTS (KOHA) | |
| Source of classification or shelving scheme | |
| Withdrawn status | Lost status | Source of classification or shelving scheme | Damaged status | Koha normalized classification for sorting | Not for loan | Permanent location | Current location | Date acquired | Full call number | Barcode | Date last seen | Price effective from | Koha item type | Source of acquisition | Cost, normal purchase price | Cost, replacement price |
|---|---|---|---|---|---|---|---|---|---|---|---|---|---|---|---|---|
| 724_000000000000000_LEE | BMS College of Architecture, Design and Planning | BMS College of Architecture, Design and Planning | 2020-06-19 | 724 LEE | AR-UG1707 | 2020-06-19 | 2020-06-19 | UG Books | ||||||||
| 724_000000000000000_LEE | BMS College of Architecture, Design and Planning | BMS College of Architecture, Design and Planning | 2022-03-28 | 724 LEE | AR-UG2646 | 2022-04-04 | 2022-04-04 | UG Books | 6 | 1429.59 | 2042.27 |